[Event "London Classic Open 2015"]
[Site "London ENG"]
[Date "2015.12.09"]
[Round "7.70"]
[White "Rozycki, Bartlomiej"]
[Black "Shepley, Julien M"]
[Result "1-0"]
[WhiteElo "2231"]
[BlackElo "1968"]
[WhiteFideId "1106996"]
[BlackFideId "403210"]
[EventDate "2015.12.04"]

1. e4 d6 2. d4 Nf6 3. Nc3 e5 4. Nf3 Nbd7 5. Bc4 Be7 6. a4 c6 7. h3 h6 8. O-O Qc7
9. Re1 g5 10. Ba2 Nf8 11. Qe2 Rg8 12. Qc4 Ne6 13. Be3 g4 14. hxg4 Nxg4 15. d5
Nxe3 16. Rxe3 cxd5 17. Qxc7 Nxc7 18. Nxd5 Nxd5 19. Bxd5 Rb8 20. Rb3 Bg4 21. Nd2
Bd8 22. Nc4 Bc7 23. a5 Rg7 24. Ra4 f5 25. exf5 Bxf5 26. Ne3 Bd7 27. Rh4 Rh7 28.
Rhb4 Bxa5 29. Rxb7 Rxb7 30. Rxb7 Kd8 31. Nc4 Bc7 32. Rxa7 Bf5 33. Ne3 Bg6 34. b4
Bb6 35. Ra8+ Kc7 36. c4 Bf7 37. Bxf7 Rxf7 38. Nd5+ Kb7 39. Ra2 Bd4 40. Kf1 h5
41. g3 h4 42. gxh4 Rh7 43. f3 Rxh4 44. Rg2 Rh1+ 45. Ke2 Rc1 46. Kd3 Rf1 47. f4
Rd1+ 48. Kc2 Rf1 49. Rg7+ Kb8 50. fxe5 Bxe5 51. Re7 Rh1 52. Kb3 Rh4 53. Rc7 Rd4
54. Rc6 Kb7 55. Rc7+ Kb8 56. Rd7 Rg4 57. Nb6 Rg7 58. Ka4 Rg6 59. Kb5 Bd4 60. Nd5
Be5 61. Kc6 Rh6 62. b5 Rh8 63. Rb7+ Kc8 64. Nb6+ Kd8 65. Rb8+ Ke7 66. Rxh8 Bxh8
67. Nc8+ Ke6 68. Nxd6 Be5 69. c5 1-0

[Event "London Classic Open 2015"]
[Site "London ENG"]
[Date "2015.12.09"]
[Round "7.71"]
[White "Mogilarov, Dimitar"]
[Black "Xaxiris, E."]
[Result "1/2-1/2"]
[WhiteElo "2168"]
[BlackElo "1975"]
[WhiteFideId "2905248"]
[BlackFideId "4206720"]
[EventDate "2015.12.04"]

1. e4 c6 2. d4 d5 3. exd5 cxd5 4. c4 Nc6 5. Nf3 Nf6 6. Nc3 Bg4 7. cxd5 Nxd5 8.
Qb3 Bxf3 9. gxf3 Nb6 10. d5 Nd4 11. Qd1 e5 12. dxe6 fxe6 13. Nb5 Bb4+ 14. Nc3
Qf6 15. Bg2 O-O 16. O-O Rad8 17. Be3 Bxc3 18. bxc3 Nf5 19. Qe2 Nd5 20. c4 Nde7
21. Kh1 b6 22. Rad1 Nh4 23. Rg1 Rxd1 24. Qxd1 Nef5 25. Qa1 e5 26. Qd1 Rd8 27.
Qe2 Nd4 28. Bxd4 exd4 29. Rd1 Nxg2 30. Kxg2 Qg6+ 31. Kf1 d3 32. Qe4 Qd6 33. f4
h6 34. Rd2 Kf7 35. f3 a5 36. Kf2 Qc5+ 37. Kg3 Rd6 38. Qb7+ Kg8 39. Qa8+ Kf7 40.
Qb7+ Kf6 41. Qe4 Rd4 42. Qe3 Qxc4 43. Qe5+ Kf7 44. f5 Rd7 45. f6 g6 46. Qe3 Qc7+
47. Kg2 h5 48. Qh6 Kxf6 49. Qf8+ Ke6 50. Qe8+ Kf5 51. Kh3 Qd8 52. Qe4+ Kf6 53.
Rg2 g5 54. Qe3 Rd5 55. Rd2 Qd6 56. Kg2 Qc5 57. Qe8 Qd6 58. Qxh5 Qf4 59. Qh6+ Ke5
60. Qg7+ Qf6 61. Qc7+ Kd4 62. Qc1 Qf4 63. Qb2+ Kc5 64. Qa3+ Kc6 65. Rxd3 Rxd3
66. Qxd3 b5 67. a3 Qe5 68. Qg6+ Kc5 69. Qc2+ Kb6 70. Qg6+ Kc5 71. Qc2+ Kb6 72.
Qg6+ 1/2-1/2

[Event "London Classic Open 2015"]
[Site "London ENG"]
[Date "2015.12.09"]
[Round "7.72"]
[White "Hebbes, Tim"]
[Black "McKerracher, Douglas"]
[Result "1-0"]
[WhiteElo "2112"]
[BlackElo "1972"]
[WhiteFideId "406570"]
[BlackFideId "2401002"]
[EventDate "2015.12.04"]

1. c4 f5 2. Nf3 Nf6 3. g3 e6 4. Bg2 d5 5. O-O c6 6. d3 Be7 7. b3 O-O 8. Bb2 Bd7
9. Nbd2 Be8 10. Qc2 Bh5 11. e4 Bxf3 12. Bxf3 d4 13. a3 a5 14. Bg2 Na6 15. exf5
exf5 16. Nf3 Bc5 17. Rfe1 Qd6 18. Qd2 b6 19. Qg5 Ng4 20. h3 Nh6 21. Qf4 Qd8 22.
Ne5 Nb8 23. Nxc6 Nxc6 24. Bxc6 Ra7 25. Bxd4 Kh8 26. b4 Bd6 27. Qf3 f4 28. g4 Nf7
29. Bd5 Ng5 30. Qh1 axb4 31. axb4 Rxa1 32. Rxa1 Qe7 33. h4 Nf7 34. g5 Bxb4 35.
Bxb6 Qe5 36. d4 Qf5 37. Qf3 Nd6 38. c5 Nb5 39. c6 Nc3 40. Bc4 Rb8 41. c7 1-0

[Event "London Classic Open 2015"]
[Site "London ENG"]
[Date "2015.12.09"]
[Round "7.73"]
[White "Vachtfeidl, Petr"]
[Black "Asenov, Pavel"]
[Result "0-1"]
[WhiteElo "1983"]
[BlackElo "2098"]
[WhiteFideId "315028"]
[BlackFideId "433705"]
[EventDate "2015.12.04"]

1. e4 c5 2. Nf3 d6 3. d4 cxd4 4. Nxd4 Nf6 5. Nc3 a6 6. Be3 e5 7. Nb3 Be6 8. Qd2
Nbd7 9. f3 h5 10. Nd5 Bxd5 11. exd5 g6 12. Be2 Qc7 13. c4 a5 14. a4 Bg7 15. O-O
O-O 16. Rac1 b6 17. Qc2 Rac8 18. Bd3 Qa7 19. Qe2 Nc5 20. Nxc5 bxc5 21. f4 e4 22.
Bc2 Ng4 23. Kh1 Bxb2 24. Rb1 Bd4 25. Bxd4 cxd4 26. Bxe4 Rfe8 27. f5 Qe7 28. fxg6
fxg6 29. Qf3 Rf8 30. Qd3 Qe5 31. g3 Nf2+ 32. Rxf2 Rxf2 33. Bxg6 Rcf8 34. Bh7+
Kh8 35. Be4 h4 36. Bg2 Re2 37. Rf1 Re1 38. Kg1 Qe3+ 39. Qxe3 Rfxf1+ 40. Bxf1
dxe3 0-1

[Event "London Classic Open 2015"]
[Site "London ENG"]
[Date "2015.12.09"]
[Round "7.75"]
[White "Burke, John S"]
[Black "Rice, Chris B"]
[Result "0-1"]
[WhiteElo "2049"]
[BlackElo "1956"]
[WhiteFideId "404322"]
[BlackFideId "404446"]
[EventDate "2015.12.04"]

1. d4 d5 2. Nf3 Nf6 3. e3 e6 4. Bd3 c5 5. Nbd2 Nc6 6. b3 Bd6 7. Bb2 O-O 8. a3 b6
9. Ne5 Bb7 10. O-O Rc8 11. f4 Ne7 12. Qe2 Ne4 13. c4 Nf5 14. Nef3 cxd4 15. Nxd4
Nxd4 16. Bxd4 Qe7 17. Bb2 Rfd8 18. Nf3 Nc5 19. Bc2 Ba6 20. Ng5 f5 21. Qh5 h6 22.
Nxe6 Qxe6 23. Bxf5 Qe8 24. Qg4 Rc7 25. Rf3 Bc8 26. b4 Bxf5 27. Qxf5 Qe6 28.
Qxe6+ Nxe6 29. cxd5 Nf8 30. e4 Rc2 31. Rb1 Bb8 32. g3 Re2 33. Be5 0-1

[Event "London Classic Open 2015"]
[Site "London ENG"]
[Date "2015.12.09"]
[Round "7.76"]
[White "De Coverly, Roger D"]
[Black "Dror, Levi"]
[Result "1-0"]
[WhiteElo "2037"]
[BlackElo "1798"]
[WhiteFideId "405213"]
[BlackFideId "2809583"]
[EventDate "2015.12.04"]

1. e4 e6 2. d4 d5 3. exd5 exd5 4. c4 Nf6 5. Nc3 Be7 6. cxd5 Nxd5 7. Bd3 Nc6 8.
Nf3 Bg4 9. O-O Nf6 10. Be3 O-O 11. Be2 Bd6 12. h3 Bh5 13. Re1 Nb4 14. Bg5 Be7
15. a3 Nbd5 16. Qb3 b6 17. Ne5 Bxe2 18. Rxe2 Nxc3 19. bxc3 Qd6 20. Rae1 Bd8 21.
Bf4 Qd5 22. Qxd5 Nxd5 23. Bd2 Ne7 24. Nd7 Re8 25. c4 a5 26. a4 f6 27. Bc1 Kf7
28. Ba3 Ra7 29. Nb8 c6 30. Nxc6 1-0

[Event "London Classic Open 2015"]
[Site "London ENG"]
[Date "2015.12.09"]
[Round "7.77"]
[White "Feldman, Antony"]
[Black "Lochte, Szilvia"]
[Result "1-0"]
[WhiteElo "2024"]
[BlackElo "1914"]
[WhiteFideId "2804565"]
[BlackFideId "708410"]
[EventDate "2015.12.04"]

1. Nf3 Nf6 2. g3 d5 3. Bg2 g6 4. c4 c6 5. O-O Bg7 6. b3 O-O 7. Bb2 Nbd7 8. d4
Ne4 9. Nbd2 Nxd2 10. Qxd2 dxc4 11. bxc4 Nb6 12. Rac1 Be6 13. Qd3 Nxc4 14. Rxc4
Bxc4 15. Qxc4 Qb6 16. Ba3 Rfe8 17. e3 Qa5 18. Qb3 e6 19. Rb1 Rac8 20. Bd6 Qd8
21. Ba3 b6 22. Rc1 Qd5 23. Qb1 Qa5 24. Qb4 Qxb4 25. Bxb4 c5 26. dxc5 Bf8 27. Ne5
Bxc5 28. Bxc5 Rxc5 29. Rxc5 bxc5 30. Nc6 c4 31. Kf1 a6 32. Ke2 e5 33. Bd5 Kf8
34. Bxc4 1-0

[Event "London Classic Open 2015"]
[Site "London ENG"]
[Date "2015.12.09"]
[Round "7.78"]
[White "Harstad, Christian"]
[Black "Staples, Daniel J"]
[Result "0-1"]
[WhiteElo "1954"]
[BlackElo "1994"]
[WhiteFideId "1504045"]
[BlackFideId "417211"]
[EventDate "2015.12.04"]

1. d4 Nf6 2. c4 e6 3. Nc3 d5 4. Bg5 Be7 5. e3 c6 6. Nf3 Nbd7 7. Rc1 O-O 8. Bd3
dxc4 9. Bxc4 Nd5 10. Bxe7 Qxe7 11. Ne4 N5f6 12. Ng3 Qb4+ 13. Qd2 Qxd2+ 14. Kxd2
b6 15. e4 Bb7 16. e5 Ne8 17. Ke3 c5 18. Rhd1 Bxf3 19. gxf3 cxd4+ 20. Kxd4 Rd8
21. Ke3 Nc7 22. f4 f6 23. exf6 Nxf6 24. f5 Nfd5+ 25. Kf3 Kh8 26. Kg4 exf5+ 27.
Nxf5 h5+ 0-1

[Event "London Classic Open 2015"]
[Site "London ENG"]
[Date "2015.12.09"]
[Round "7.79"]
[White "Ditmas, Hugh"]
[Black "Roque Sola, Jose Luis"]
[Result "0-1"]
[BlackTitle "CM"]
[WhiteElo "1941"]
[BlackElo "1992"]
[WhiteFideId "1270666"]
[BlackFideId "5120390"]
[EventDate "2015.12.04"]

1. d4 e6 2. c4 Nf6 3. Nf3 b6 4. g3 Bb7 5. Bg2 Be7 6. O-O O-O 7. d5 exd5 8. Nh4
c6 9. cxd5 Nxd5 10. Nf5 Nf6 11. e4 d5 12. e5 Ne8 13. Nc3 Bc8 14. Nxe7+ Qxe7 15.
Re1 Be6 16. Qh5 Nd7 17. Bg5 Qb4 18. Rac1 f6 19. exf6 Nexf6 20. Qd1 Rae8 21. Qd2
d4 22. Ne4 Qxd2 23. Nxf6+ Nxf6 24. Bxd2 c5 25. b4 Bxa2 26. bxc5 Rxe1+ 27. Bxe1
bxc5 28. Rxc5 Rb8 29. Bd2 Be6 30. h4 a5 31. Rxa5 Rb1+ 32. Kh2 Ng4+ 33. Kh3 Nxf2+
34. Kh2 Ng4+ 35. Kh3 Ne3+ 36. Kh2 Nxg2 37. Ra8+ Kf7 38. Ra7+ Kg6 39. Ra6 Kf5 40.
g4+ Ke5 41. Ra5+ Bd5 42. Ra7 Rb7 43. Ra8 Ne3 44. Re8+ Be6 45. Be1 Nxg4+ 46. Kg1
Rb1 47. Kf1 d3 0-1

[Event "London Classic Open 2015"]
[Site "London ENG"]
[Date "2015.12.09"]
[Round "7.80"]
[White "Disu, Kayode"]
[Black "Calvert, D Ian"]
[Result "1/2-1/2"]
[WhiteElo "1910"]
[BlackElo "1984"]
[WhiteFideId "432849"]
[BlackFideId "406368"]
[EventDate "2015.12.04"]

1. c4 Nf6 2. Nc3 d5 3. cxd5 Nxd5 4. g3 g6 5. Bg2 Nxc3 6. bxc3 Bg7 7. Rb1 Nc6 8.
h4 h6 9. d4 O-O 10. Nf3 e5 11. O-O exd4 12. cxd4 Rb8 13. d5 Bf5 14. Rb3 Ne7 15.
Nd4 Bg4 16. Nc2 Re8 17. Ne3 Bd7 18. Rb1 Nf5 19. Nc4 Nd6 20. Nxd6 cxd6 21. Bf4
Bf5 22. Rb3 h5 23. Re1 Be5 24. Bxe5 Rxe5 25. e4 Bd7 26. Qb1 b6 27. Qb2 Rc8 28.
Rc1 Rxc1+ 29. Qxc1 Re7 30. Rc3 Qf8 31. Qa3 Qb8 32. f4 Re8 33. Kh2 f6 34. f5 Kg7
35. fxg6 Kxg6 36. Rf3 Bg4 37. Rf4 Qc7 38. Qb2 Qe7 39. Bh3 Bxh3 40. Kxh3 Rc8 41.
Qe2 Rh8 42. Rf5 b5 43. Kg2 a5 44. Kf3 b4 45. Kg2 a4 46. Rf4 Qe5 47. Qb5 Qb2+ 48.
Rf2 Qb1 49. Qe2 Re8 50. Rf4 b3 51. axb3 axb3 52. Qf3 Qc2+ 53. Kh3 Qc8+ 54. Rf5
b2 55. Qxh5+ Kg7 56. Qg4+ Kf7 57. Rf1 Qxg4+ 58. Kxg4 Rxe4+ 59. Kf3 Rb4 60. Rb1
f5 61. Ke2 Kf6 62. Kd2 Rg4 63. Rxb2 Rxg3 64. Rb8 Ke5 65. Rf8 Rh3 66. Rh8 Kxd5
67. h5 Ke6 68. h6 Kf7 69. Rh7+ Kg6 70. Rd7 Rxh6 71. Rxd6+ 1/2-1/2

[Event "London Classic Open 2015"]
[Site "London ENG"]
[Date "2015.12.09"]
[Round "7.82"]
[White "Edwards, Simon R"]
[Black "Myers, Dominique"]
[Result "0-1"]
[WhiteElo "1945"]
[BlackElo "2132"]
[WhiteFideId "406821"]
[BlackFideId "2041715"]
[EventDate "2015.12.04"]

1. e4 e5 2. Nf3 Nc6 3. d4 exd4 4. Nxd4 Qh4 5. Be3 Qxe4 6. Nd2 Qe7 7. Nf5 Qf6 8.
Bd3 d5 9. Ng3 Qxb2 10. O-O Nf6 11. Re1 Be7 12. Bc5 Be6 13. Bxe7 Nxe7 14. Rb1
Qxa2 15. Rxb7 O-O 16. Rxc7 Ng6 17. Nb3 a5 18. Nh5 Nxh5 19. Qxh5 Qb2 20. Nc5 Qb6
21. Bxg6 hxg6 22. Qe5 Rfe8 23. Na4 Qb4 24. Qa1 Bh3 25. Rc3 Rxe1+ 26. Qxe1 d4 0-1

[Event "London Classic Open 2015"]
[Site "London ENG"]
[Date "2015.12.09"]
[Round "7.83"]
[White "Burbidge, Duncan R"]
[Black "Jamroz, Krzysztof"]
[Result "0-1"]
[WhiteElo "1943"]
[BlackElo "2103"]
[WhiteFideId "412198"]
[BlackFideId "1111850"]
[EventDate "2015.12.04"]

1. e4 c5 2. c3 d5 3. exd5 Qxd5 4. d4 Nf6 5. Nf3 e6 6. Nbd2 cxd4 7. Bc4 Qh5 8.
cxd4 Bd6 9. Be2 Qd5 10. Nc4 Bb4+ 11. Bd2 Bxd2+ 12. Qxd2 Nc6 13. O-O O-O 14. Qf4
Qe4 15. Qxe4 Nxe4 16. Nce5 Ne7 17. Rac1 Nd5 18. Bd3 Nef6 19. Ng5 b6 20. f3 Bb7
21. Be4 h6 22. Bxd5 Bxd5 23. Ngxf7 Rxf7 24. Nxf7 Kxf7 25. Rc7+ Kg6 26. h4 Ne8
27. Rc3 Nd6 28. g4 Nb5 29. h5+ Kf6 30. Re3 Nxd4 31. f4 Rc8 32. Rd1 Nf3+ 33. Kf2
Nh2 34. Kg3 Rc2 35. f5 Rxb2 36. fxe6 Bxe6 37. g5+ hxg5 38. Rde1 Bd5 39. R3e2
Rxe2 40. Rxe2 Nf3 41. a3 Nd4 42. Rf2+ Nf5+ 43. Kg4 Be6 44. Rf1 b5 45. Rf2 a5 46.
Rf1 b4 47. axb4 axb4 48. Kf3 b3 49. Kf2 Bc8 50. Kf3 Ke5 51. Kg4 Kd4 52. Kxg5 Kc3
53. Rf3+ Kb4 54. Rf4+ Ka3 55. Rc4 Nd6 56. Rc6 b2 57. Rb6 Ka2 58. h6 Nf7+ 59. Kg6
gxh6 60. Kxf7 h5 0-1

[Event "London Classic Open 2015"]
[Site "London ENG"]
[Date "2015.12.09"]
[Round "7.84"]
[White "Rogers, Tim L"]
[Black "Phillips, William"]
[Result "0-1"]
[WhiteElo "2075"]
[BlackElo "1901"]
[WhiteFideId "418137"]
[BlackFideId "414344"]
[EventDate "2015.12.04"]

1. e4 e5 2. Nf3 Nc6 3. d4 exd4 4. Nxd4 Nf6 5. Nxc6 bxc6 6. e5 Qe7 7. Qe2 Nd5 8.
c4 Ba6 9. b3 g6 10. Ba3 c5 11. Qe4 Nb6 12. Nc3 Bg7 13. f4 O-O 14. O-O-O Rab8 15.
Nd5 Nxd5 16. Qxd5 d6 17. exd6 Qf6 18. Qe5 Qh4 19. Qxc5 Qxf4+ 20. Kc2 Qe4+ 21.
Rd3 cxd6 22. Qd5 Qe1 23. Bb2 Bxc4 24. Rd1 Bxd5 25. Rxe1 Rbc8+ 26. Kb1 Rfe8 27.
Ba6 Rcd8 28. Bxg7 Kxg7 29. Rxe8 Rxe8 30. Rd1 Be4+ 31. Kb2 d5 32. g3 Kf6 33. Rf1+
Ke6 34. Kc3 Re7 35. Kd4 Rc7 36. Bd3 f5 37. b4 g5 38. b5 Bxd3 39. Kxd3 Rc4 40.
Rb1 Ra4 41. b6 axb6 42. Rxb6+ Ke5 43. Rb2 Ra3+ 44. Ke2 h5 45. Rc2 d4 46. Rd2 Ke4
47. Kf2 f4 48. gxf4 gxf4 49. Re2+ Kd5 50. Rc2 h4 51. Kg2 Ke4 52. Kf2 f3 53. Rd2
Rc3 54. Rb2 Ra3 55. Rd2 Ra8 56. h3 Rg8 57. a4 Rg2+ 58. Ke1 Ke3 0-1

[Event "London Classic Open 2015"]
[Site "London ENG"]
[Date "2015.12.09"]
[Round "7.85"]
[White "Rovai, Andrea"]
[Black "De Abreu, Roberto N"]
[Result "0-1"]
[BlackTitle "FM"]
[WhiteElo "1839"]
[BlackElo "2056"]
[WhiteFideId "2833072"]
[BlackFideId "14307472"]
[EventDate "2015.12.04"]

1. e4 e6 2. d3 d5 3. Nd2 Nc6 4. Ngf3 Nf6 5. g3 dxe4 6. dxe4 Bc5 7. Bg2 O-O 8.
O-O e5 9. c3 a5 10. Qc2 b6 11. Nc4 Ng4 12. h3 Be6 13. b3 Bxc4 14. bxc4 Nf6 15.
a4 Qe7 16. Nh4 Qe6 17. Qe2 Ne8 18. Re1 Nd6 19. Bf1 Qf6 20. Ng2 Nxe4 21. Qxe4
Qxf2+ 0-1

[Event "London Classic Open 2015"]
[Site "London ENG"]
[Date "2015.12.09"]
[Round "7.86"]
[White "Kalerwa, Edwin M"]
[Black "Guo, Emma"]
[Result "0-1"]
[BlackTitle "WIM"]
[WhiteElo "1823"]
[BlackElo "2050"]
[WhiteFideId "422223"]
[BlackFideId "3200795"]
[EventDate "2015.12.04"]

1. c4 g6 2. Nc3 Bg7 3. d4 c5 4. d5 d6 5. Nf3 Nf6 6. e4 O-O 7. Be2 Nbd7 8. O-O a6
9. Ne1 b5 10. cxb5 axb5 11. Bxb5 Ba6 12. Qe2 Bxb5 13. Nxb5 Nb6 14. Nc3 Na4 15.
Qc2 Qd7 16. h3 Rfb8 17. Rb1 Nxc3 18. bxc3 Rxb1 19. Qxb1 Qa4 20. f3 Qxa2 21. Qb7
Nh5 22. Rf2 Qa1 23. Rc2 Bf6 24. g4 Nf4 25. Bxf4 Qxe1+ 26. Kg2 Ra1 27. Bh2 Qf1+
28. Kg3 Be5+ 29. Kh4 Qe1+ 30. Kg5 h6+ 0-1

[Event "London Classic Open 2015"]
[Site "London ENG"]
[Date "2015.12.09"]
[Round "7.87"]
[White "Mitra, Roman C"]
[Black "Simpson, Ben"]
[Result "1-0"]
[WhiteElo "2023"]
[BlackElo "1865"]
[WhiteFideId "419540"]
[BlackFideId "444405"]
[EventDate "2015.12.04"]

1. e4 c5 2. Nf3 d6 3. Bb5+ Nd7 4. c4 a6 5. Ba4 Qc7 6. Nc3 e6 7. O-O g6 8. d4 Bg7
9. d5 e5 10. Nh4 Bf6 11. Nf3 Bg7 12. Ne1 Ne7 13. f4 exf4 14. Bxf4 O-O 15. Nd3
Qb6 16. Bxd7 Bxd7 17. Qd2 Rae8 18. Rae1 f6 19. h4 Qc7 20. a4 h5 21. Qe3 g5 22.
Bh2 g4 23. Qg3 f5 24. Qxd6 Bd4+ 25. Kh1 Qxd6 26. Bxd6 fxe4 27. Rxf8+ Rxf8 28.
Bxe7 exd3 29. Bxf8 Kxf8 30. Rd1 Bf2 31. Ne4 Bd4 32. b3 Kg7 33. Ng3 Kg6 34. Rxd3
b6 35. Ne2 Bf5 36. Rxd4 cxd4 37. Nxd4 Be4 38. Kh2 Kf6 39. d6 Bg6 40. Kg3 Be4 41.
b4 a5 42. bxa5 bxa5 43. c5 Bg6 44. Kf4 Kf7 45. c6 Ke8 46. Ne6 Bf7 47. d7+ Ke7
48. d8=Q+ Kxe6 1-0

[Event "London Classic Open 2015"]
[Site "London ENG"]
[Date "2015.12.09"]
[Round "7.88"]
[White "Barton, R Alan"]
[Black "Mulay, Partha"]
[Result "1/2-1/2"]
[WhiteElo "2012"]
[BlackElo "1780"]
[WhiteFideId "404233"]
[BlackFideId "436038"]
[EventDate "2015.12.04"]

1. Nf3 Nf6 2. c4 g6 3. d4 d6 4. Nc3 Bg7 5. Bg5 O-O 6. e3 c5 7. d5 h6 8. Bh4 Bf5
9. Bd3 Bxd3 10. Qxd3 Nbd7 11. Qc2 a6 12. a4 g5 13. Bg3 Nh5 14. O-O f5 15. Nd2
Qe8 16. f4 Qg6 17. Ne2 Rae8 18. Rae1 e5 19. dxe6 Rxe6 20. Nc3 Bxc3 21. Qxc3 Nxg3
22. hxg3 Nf6 23. Qb3 Re7 24. Qd3 Ne4 25. Nxe4 Rxe4 26. Qd5+ Kh7 27. Qxb7+ Rf7
28. Qxa6 gxf4 29. gxf4 Rg7 30. Rf2 Qe6 31. Rd1 Rd7 32. Rfd2 Rxe3 33. Rxd6 Rxd6
34. Rxd6 Re1+ 35. Kh2 Rh1+ 36. Kxh1 Qe1+ 37. Kh2 Qh4+ 38. Kg1 1/2-1/2

[Event "London Classic Open 2015"]
[Site "London ENG"]
[Date "2015.12.09"]
[Round "7.89"]
[White "Gschwendtner, Stanislav"]
[Black "Barasi, Paul Dl"]
[Result "1-0"]
[WhiteElo "2003"]
[BlackElo "1736"]
[WhiteFideId "307297"]
[BlackFideId "432830"]
[EventDate "2015.12.04"]

1. c4 Nc6 2. g3 e5 3. Bg2 f5 4. Nc3 Nf6 5. e3 g6 6. Nge2 Bg7 7. d4 O-O 8. dxe5
Nxe5 9. O-O c6 10. b3 Qa5 11. Rb1 d6 12. f4 Nf7 13. b4 Qc7 14. Qb3 Be6 15. Nd4
Rfe8 16. Bd2 Nd8 17. Nxe6 Nxe6 18. Rbc1 Qe7 19. Rce1 Kh8 20. Qb1 Qf7 21. e4 Nd4
22. Qd3 Nxe4 23. Nxe4 fxe4 24. Rxe4 Rxe4 25. Bxe4 d5 26. cxd5 cxd5 27. Bg2 Rc8
28. Rc1 Rxc1+ 29. Bxc1 Qe7 30. Bd2 Qd6 31. Kf1 h5 32. Bc3 Nf5 33. Bh3 Qe6 34.
Bxg7+ Kxg7 35. Bxf5 Qxf5 36. Qxf5 gxf5 37. Ke2 Kf6 38. Kd3 Ke6 39. Kd4 Kd6 40.
a4 a5 41. bxa5 Kc6 42. Ke5 Kc5 43. Kxf5 Kc4 44. Ke6 d4 45. f5 d3 46. f6 d2 47.
f7 d1=Q 48. f8=Q Qd5+ 49. Kf6 Qf3+ 50. Kg7 Qc3+ 51. Qf6 Qxa5 52. Qf7+ Kd4 53.
Qf4+ Kd3 54. Kg6 Qa8 55. Kxh5 Qh8+ 56. Qh6 Qe5+ 57. Qg5 Qe2+ 58. g4 Qxh2+ 59.
Kg6 Qd6+ 60. Qf6 Qb4 61. Qf3+ Kc2 62. Qf5+ Kb2 63. Qb5 Ka3 64. g5 Qe4+ 65. Kf7
Qf4+ 66. Ke6 Qe4+ 67. Kd7 Qxa4 68. Qxa4+ Kxa4 69. g6 b5 70. g7 b4 71. g8=Q b3
72. Qa8+ Kb4 73. Qa1 Kc4 74. Qb2 1-0

[Event "London Classic Open 2015"]
[Site "London ENG"]
[Date "2015.12.09"]
[Round "7.90"]
[White "Charisiadis, Archimidis"]
[Black "Korning, Peter"]
[Result "0-1"]
[WhiteElo "1740"]
[BlackElo "2000"]
[WhiteFideId "4240081"]
[BlackFideId "1723332"]
[EventDate "2015.12.04"]

1. d4 d5 2. Nf3 c5 3. c4 e6 4. cxd5 exd5 5. g3 Nc6 6. Bg2 Nf6 7. O-O Be7 8. Nc3
O-O 9. Bg5 c4 10. Ne5 Be6 11. Nxc6 bxc6 12. Qc2 h6 13. Bf4 Qa5 14. Rad1 Rac8 15.
h3 Rfd8 16. Be3 Re8 17. Bf4 Rcd8 18. g4 Qa6 19. Rfe1 Qc8 20. Qc1 Nh7 21. e4 dxe4
22. Nxe4 Bd5 23. Ng3 Ng5 24. Qc3 Qd7 25. Be5 f6 26. Bf4 Ne6 27. Be3 Bd6 28. Bxd5
cxd5 29. Re2 Bxg3 30. fxg3 Ng5 31. Kg2 Re4 32. Rde1 Rde8 33. Qd2 Qe6 34. Qc3 Re7
35. Qd2 Nf7 36. Kf2 Nd6 37. Bf4 Rxe2+ 38. Qxe2 Qxe2+ 39. Rxe2 Rxe2+ 40. Kxe2 Ne4
41. h4 Kf7 42. Kf3 Ke6 43. Bc7 c3 44. bxc3 Nxc3 45. Bb8 a6 46. a3 Nb5 47. a4
Nxd4+ 48. Ke3 Nc6 49. Bc7 f5 50. g5 hxg5 51. hxg5 d4+ 52. Kf4 g6 53. g4 fxg4 54.
Kxg4 Kd5 55. Kf3 Ne5+ 56. Kf4 Nd3+ 57. Kf3 Nc5 58. a5 Ne6 0-1

[Event "London Classic Open 2015"]
[Site "London ENG"]
[Date "2015.12.09"]
[Round "7.91"]
[White "Odeh, Kenneth"]
[Black "Modica, Jake"]
[Result "1-0"]
[WhiteElo "2000"]
[BlackElo "1736"]
[WhiteFideId "8500142"]
[BlackFideId "442160"]
[EventDate "2015.12.04"]

1. e4 e6 2. d4 d5 3. exd5 exd5 4. Bd3 Bd6 5. Nf3 Ne7 6. O-O O-O 7. Re1 Nbc6 8.
Nc3 Bf5 9. Nb5 Bb4 10. Re3 a6 11. Nc3 Qd7 12. Ne5 Nxe5 13. Rxe5 f6 14. Bxf5 Nxf5
15. Rxd5 Qe6 16. Qe2 Rfe8 17. Qxe6+ Rxe6 18. Bd2 Nd6 19. Ne4 Rxe4 20. Bxb4 Re2
21. Rc1 Rae8 22. Kf1 Kf7 23. Be1 Nc4 24. Rc5 Nd2+ 25. Bxd2 Rxd2 26. Rxc7+ Re7
27. Rxe7+ Kxe7 28. Ke1 Rxd4 29. Rd1 Rc4 30. c3 b5 31. Kd2 Ra4 32. a3 Rh4 33. h3
a5 34. Ke3 b4 35. Rd4 bxa3 36. bxa3 Rh5 37. Ke4 Rb5 38. Rd5 Rb3 39. Rxa5 Rxc3
40. Ra7+ Ke6 41. Rxg7 Rxa3 42. Rxh7 Ra2 43. Ke3 Kf5 44. Rd7 Kg5 45. Rd5+ Kg6 46.
g4 Ra3+ 47. Rd3 Ra4 48. f4 Ra1 49. h4 Rg1 50. h5+ Kg7 51. Rd7+ Kg8 52. Kf3 Rf1+
53. Ke4 Re1+ 54. Kf5 Rg1 55. Rd6 Kg7 56. Rxf6 1-0

[Event "London Classic Open 2015"]
[Site "London ENG"]
[Date "2015.12.09"]
[Round "7.92"]
[White "Shamash, Michelle"]
[Black "Falkowski, Dawid"]
[Result "0-1"]
[WhiteElo "1677"]
[BlackElo "1998"]
[WhiteFideId "4225767"]
[BlackFideId "1139142"]
[EventDate "2015.12.04"]

1. d4 Nf6 2. c4 e5 3. d5 Bc5 4. e3 d6 5. Nf3 O-O 6. Nc3 Bf5 7. Qb3 a5 8. Nh4 Bd7
9. Nf3 Bf5 10. Nh4 Bd7 11. Nf3 a4 12. Qc2 c6 13. Be2 b5 14. dxc6 Nxc6 15. cxb5
Nb4 16. Qd1 Bf5 17. O-O Nc2 18. Bd3 Bxd3 19. Qxd3 Nxa1 20. Bd2 Nb3 21. axb3 axb3
22. Qc4 Qd7 23. Rd1 Qe6 24. Qh4 h6 25. e4 Rfb8 26. h3 Ne8 27. Bc1 Nc7 28. Nd2
Nxb5 29. Nd5 Ra7 30. Nxb3 Nd4 31. Nxc5 dxc5 32. Kh2 Ra1 33. Nc3 Qf6 34. Qg3 Rb3
35. Qe3 Ra8 36. f3 Qd6 37. Qf2 Qe6 38. Nd5 Ra7 39. Qh4 Rd7 40. Qf2 Rdb7 41. Nc3
Qa6 42. Qg3 Qe6 43. Qh4 c4 44. Qd8+ Kh7 45. Qh4 Nc6 46. Rd5 Nb4 47. Rd2 Nd3 48.
Rc2 Nxb2 49. Nd5 Qa6 50. Qh5 Nd3 51. Qf5+ g6 52. Nf6+ Kg7 53. Ne8+ Kf8 54. Qc8
Qe6 55. Bxh6+ Ke7 56. Bg5+ f6 57. Bxf6+ Kf7 58. Qd8 Qxe8 59. Qxe8+ Kxe8 60. Rxc4
Kf7 61. Bg5 Rb2 62. Bh4 Nf4 63. Rc1 Nxg2 64. Kg3 Nf4 65. Rc5 Rg2# 0-1

[Event "London Classic Open 2015"]
[Site "London ENG"]
[Date "2015.12.09"]
[Round "7.93"]
[White "Cannon, Raymond C"]
[Black "Chen, Meng Boon Marcus"]
[Result "1/2-1/2"]
[WhiteElo "1985"]
[BlackElo "1715"]
[WhiteFideId "408018"]
[BlackFideId "5812470"]
[EventDate "2015.12.04"]

1. Nc3 d5 2. e4 e6 3. d4 Nf6 4. exd5 exd5 5. Bg5 c6 6. Bd3 Be7 7. Nge2 O-O 8.
O-O Re8 9. Ng3 h6 10. Bf4 Bd6 11. Qd2 Bxf4 12. Qxf4 Nbd7 13. Rae1 Nf8 14. Nf5
Bxf5 15. Bxf5 Nh5 16. Qg4 Qg5 17. Qxg5 hxg5 18. Re3 g6 19. Bg4 Nf6 20. h3 Nxg4
21. hxg4 Ne6 22. Rfe1 Kf8 23. Ne2 Re7 24. c3 Rae8 25. Nc1 f6 26. g3 Kf7 27. Nd3
Nc7 28. Rxe7+ Rxe7 29. Kf1 Ne8 30. Rxe7+ Kxe7 31. Ke2 Nd6 32. f3 1/2-1/2